System modeli planowania i prognozowania

Saved in:
Bibliographic Details
Main Author: Rajackas, Rajmundas Ljanovič
Format: Book
Language:Polish
Published: Warszawa Wydawnictwo Naukowe 1981
Tags: Add Tag
No Tags, Be the first to tag this record!

MARC

LEADER 00000nam a2200000 4500
001 c137107
005 20231103121828.4
041 0 |a pol 
044 |a PL 
245 1 0 |a System modeli planowania i prognozowania  |c Rajmundas Ljanovič Rajackas 
264 1 |a Warszawa  |b Wydawnictwo Naukowe  |c 1981 
300 |a 319 s. 
100 1 |a Rajackas, Rajmundas Ljanovič